[Event "Berlin Eckbauer op 21st"]
[Site "Berlin"]
[Date "2018.11.05"]
[Round "4"]
[White "Albrecht, Rainer"]
[Black "Grosse, Michael"]
[Result "1/2-1/2"]
[WhiteElo "2093"]
[BlackElo "1919"]
[PlyCount "43"]
[EventDate "2018.10.08"]
[EventType "swiss"]
[EventRounds "7"]
[EventCountry "GER"]
[SourceTitle "CBM 189 Extra"]
[Source "ChessBase"]
[SourceDate "2019.06.03"]
[SourceVersion "1"]
[SourceVersionDate "2019.06.03"]
[SourceQuality "1"]

1. d4 Nf6 2. c4 e6 3. Nc3 d5 4. cxd5 exd5 5. Bg5 Be7 6. e3 0-0 7. Bd3 c6 8. Qc2 h6 9. Bh4 c5 10. dxc5 Nc6 11. a3 d4 12. Bxf6 Bxf6 13. Ne4 Qa5+ 14. Ke2 Be5 15. Nf3 Bg4 16. Ned2 dxe3 17. fxe3 Rad8 18. Kf2 Rfe8 19. Rhe1 Bxf3 20. Nxf3 Qc7 21. g3 Bxb2 22. Bh7+ 1/2-1/2

[Event "Berlin Lieb Memorial 4th"]
[Site "Berlin"]
[Date "2018.06.29"]
[Round "7"]
[White "Zschaebitz, Klaus"]
[Black "Grosse, Michael"]
[Result "1-0"]
[WhiteElo "2082"]
[BlackElo "1941"]
[PlyCount "47"]
[EventDate "2018.05.17"]
[EventType "swiss"]
[EventRounds "7"]
[EventCountry "GER"]
[SourceTitle "CBM 189 Extra"]
[Source "ChessBase"]
[SourceDate "2019.06.03"]
[SourceVersion "1"]
[SourceVersionDate "2019.06.03"]
[SourceQuality "1"]

1. c4 e5 2. g3 Nf6 3. Bg2 Nc6 4. Nc3 Bb4 5. Nd5 Nxd5 6. cxd5 Ne7 7. Nf3 Bd6 8. d4 Ng6 9. 0-0 0-0 10. h4 e4 11. Nd2 f5 12. Nc4 Be7 13. h5 Nh8 14. f3 b5 15. Ne5 exf3 16. Bxf3 Rb8 17. d6 Bxd6 18. Bd5+ Nf7 19. Nxf7 Rxf7 20. Rxf5 Bb7 21. Bxf7+ Kh8 22. Bg5 Be7 23. Qd2 g6 24. Re5 1-0

[Event "Berlin Lieb Memorial 2nd"]
[Site "Berlin"]
[Date "2016.06.09"]
[Round "4"]
[White "Simon, Ralf Axel"]
[Black "Grosse, Michael"]
[Result "1-0"]
[WhiteElo "2100"]
[BlackElo "1952"]
[PlyCount "29"]
[EventDate "2016.05.19"]
[EventType "swiss"]
[EventRounds "7"]
[EventCountry "GER"]
[SourceTitle "EXT 2022"]
[Source "ChessBase"]
[SourceDate "2021.10.06"]
[SourceVersion "1"]
[SourceVersionDate "2021.10.06"]
[SourceQuality "1"]

1. Nf3 d5 2. d4 Nc6 3. e3 Bg4 4. Bb5 a6 5. Bxc6+ bxc6 6. c4 c5 7. dxc5 dxc4 8. Qa4+ Bd7 9. Qxc4 Bb5 10. Qd4 f6 11. Nc3 Bd3 12. e4 a5 13. Be3 e5 14. Qa4+ Kf7 15. 0-0-0 1-0

[Event "Berlin Lieb Memorial 2nd"]
[Site "Berlin"]
[Date "2016.06.02"]
[Round "3"]
[White "Grosse, Michael"]
[Black "Prix, Siegfried"]
[Result "1-0"]
[WhiteElo "1952"]
[BlackElo "1729"]
[PlyCount "75"]
[EventDate "2016.05.19"]
[EventType "swiss"]
[EventRounds "7"]
[EventCountry "GER"]
[SourceTitle "EXT 2022"]
[Source "ChessBase"]
[SourceDate "2021.10.06"]
[SourceVersion "1"]
[SourceVersionDate "2021.10.06"]
[SourceQuality "1"]

1. d4 d5 2. Nc3 Nf6 3. Bg5 e6 4. e4 dxe4 5. Nxe4 Be7 6. Nxf6+ Bxf6 7. Bxf6 Qxf6 8. Nf3 0-0 9. Bd3 c5 10. 0-0 Nc6 11. dxc5 Qxb2 12. Qe2 Qf6 13. Rab1 Nd4 14. Nxd4 Qxd4 15. Qe4 Qxe4 16. Bxe4 Rb8 17. c6 b5 18. c7 Rb6 19. Rfd1 f5 20. Bf3 Kf7 21. Rd8 Re8 22. Rbd1 Ba6 23. Rxe8 Kxe8 24. Rd8+ Ke7 25. c8Q Bxc8 26. Rxc8 Ra6 27. Be2 Rxa2 28. Bxb5 Ra1+ 29. Bf1 a5 30. f4 a4 31. Kf2 a3 32. Ra8 a2 33. Bc4 Rh1 34. Rxa2 Rxh2 35. Ra7+ Kf6 36. Ra6 g6 37. Rxe6+ Kg7 38. Bf1 1-0

[Event "Berlin Eckbauer op 17th"]
[Site "Berlin"]
[Date "2014.11.24"]
[Round "7"]
[White "Grosse, Michael"]
[Black "Semmelroth, Heinz Dieter"]
[Result "0-1"]
[WhiteElo "1945"]
[BlackElo "1928"]
[PlyCount "102"]
[EventDate "2014.10.06"]
[EventType "swiss"]
[EventRounds "7"]
[EventCountry "GER"]
[SourceTitle "EXT 2022"]
[Source "ChessBase"]
[SourceDate "2021.10.06"]
[SourceVersion "1"]
[SourceVersionDate "2021.10.06"]
[SourceQuality "1"]

1. d4 d5 2. Nf3 Nf6 3. Bf4 c6 4. c3 Bf5 5. Qb3 Qb6 6. Nbd2 Nbd7 7. h3 e6 8. Nh4 Be4 9. Qxb6 Nxb6 10. Nxe4 Nxe4 11. Nf3 Bd6 12. Bxd6 Nxd6 13. Nd2 Nbc4 14. Nxc4 Nxc4 15. b3 Nd6 16. f3 0-0 17. e3 Rfe8 18. Kd2 e5 19. Bd3 e4 20. Bc2 Re6 21. f4 f5 22. g4 g6 23. Rag1 Kf7 24. Bd1 Re7 25. Be2 Kf6 26. g5+ Kg7 27. c4 Rc7 28. Rc1 Rac8 29. Rc3 c5 30. cxd5 cxd4 31. Rxc7+ Rxc7 32. exd4 a6 33. a4 h5 34. gxh6+ Kxh6 35. h4 Ne8 36. h5 Nf6 37. hxg6+ Kg7 38. Bc4 Rd7 39. a5 Rd6 40. b4 Kxg6 41. Rg1+ Ng4 42. Be2 Rxd5 43. Kc3 Rd7 44. Kc4 Kf6 45. Rg3 Ke6 46. Kc3 Rc7+ 47. Bc4+ Kf6 48. d5 Rh7 49. Be2 Rh2 50. Bxg4 fxg4 51. d6 Rh3 0-1

[Event "Zehlendorf op 14th"]
[Site "Berlin"]
[Date "2014.05.22"]
[Round "3"]
[White "Grosse, Michael"]
[Black "Vachkov, Temi"]
[Result "1-0"]
[WhiteElo "1944"]
[BlackElo "1776"]
[PlyCount "57"]
[EventDate "2014.05.08"]
[EventType "swiss"]
[EventRounds "7"]
[EventCountry "GER"]
[SourceTitle "EXT 2023"]
[Source "ChessBase"]
[SourceDate "2022.10.05"]
[SourceVersion "1"]
[SourceVersionDate "2022.10.05"]
[SourceQuality "1"]

1. e4 g6 2. Nf3 Bg7 3. d4 c5 4. c3 cxd4 5. cxd4 d6 6. Nc3 Nf6 7. h3 0-0 8. Bd3 Nc6 9. 0-0 e5 10. Be3 Nh5 11. dxe5 dxe5 12. Bc5 Re8 13. Bb5 Qxd1 14. Raxd1 a6 15. Bxc6 bxc6 16. Rd6 f5 17. Rxc6 fxe4 18. Nd2 Nf4 19. Ndxe4 Ne2+ 20. Nxe2 Bb7 21. Nf6+ Kh8 22. Rb6 Bxf6 23. Rxf6 Bd5 24. Nc3 Bc4 25. Rd1 Red8 26. Rxd8+ Rxd8 27. Rf8+ Rxf8 28. Bxf8 Bd3 29. f3 1-0

[Event "Zehlendorf op 14th"]
[Site "Berlin"]
[Date "2014.05.15"]
[Round "2"]
[White "Von Herman, Ulf"]
[Black "Grosse, Michael"]
[Result "1-0"]
[WhiteElo "2384"]
[BlackElo "1944"]
[PlyCount "55"]
[EventDate "2014.05.08"]
[EventType "swiss"]
[EventRounds "7"]
[EventCountry "GER"]
[SourceTitle "EXT 2023"]
[Source "ChessBase"]
[SourceDate "2022.10.05"]
[SourceVersion "1"]
[SourceVersionDate "2022.10.05"]
[SourceQuality "1"]

1. d4 d5 2. c4 e6 3. Nc3 b6 4. Nf3 Bb7 5. cxd5 exd5 6. Bf4 Bd6 7. g3 Nf6 8. Qa4+ Bc6 9. Qc2 0-0 10. Bg2 Bxf4 11. gxf4 Bb7 12. Ne5 c6 13. 0-0 Na6 14. Rad1 Rc8 15. Rd2 Nc7 16. e3 Nce8 17. Rc1 Nd6 18. Qd1 Rc7 19. Rdc2 Qc8 20. Nxd5 Nxd5 21. Bxd5 c5 22. dxc5 Bxd5 23. Qxd5 bxc5 24. Rxc5 Rxc5 25. Rxc5 Qd8 26. Rc6 Nb7 27. Qxd8 Rxd8 28. Rc7 1-0

[Event "Berlin Eckbauer op 16th"]
[Site "Berlin"]
[Date "2013.10.28"]
[Round "4"]
[White "Hankow, Bert Juergen"]
[Black "Grosse, Michael"]
[Result "1-0"]
[WhiteElo "2018"]
[BlackElo "1956"]
[PlyCount "65"]
[EventDate "2013.10.07"]
[EventType "swiss"]
[EventRounds "7"]
[EventCountry "GER"]
[SourceTitle "EXT 2022"]
[Source "ChessBase"]
[SourceDate "2021.10.06"]
[SourceVersion "1"]
[SourceVersionDate "2021.10.06"]
[SourceQuality "1"]

1. d4 d5 2. c4 Nc6 3. Nf3 Bg4 4. cxd5 Bxf3 5. gxf3 Qxd5 6. e3 e5 7. Nc3 Bb4 8. Bd2 Bxc3 9. bxc3 exd4 10. cxd4 Nge7 11. Bg2 Qg5 12. Kf1 Rd8 13. Rb1 b6 14. f4 Qg6 15. Rb5 Qd3+ 16. Qe2 Rxd4 17. Qxd3 Rxd3 18. Ke2 Ra3 19. Rc1 Kd7 20. Rb2 Na5 21. Bb4 Ra4 22. Bxe7 Kxe7 23. Rxc7+ Kf6 24. Rxa7 Rb8 25. Bd5 b5 26. Rxf7+ Kg6 27. Rb1 Kh6 28. Ra7 Rb6 29. Rg1 Rg6 30. Rg3 Rxg3 31. fxg3 Kg6 32. Ra6+ Kh5 33. Bf3# 1-0

[Event "Berlin Eckbauer op 15th"]
[Site "Berlin"]
[Date "2012.11.05"]
[Round "4.21"]
[White "Grosse, Michael"]
[Black "Gebigke, Lena"]
[Result "1-0"]
[WhiteElo "1931"]
[BlackElo "1474"]
[PlyCount "61"]
[EventDate "2012.10.15"]
[EventType "swiss"]
[EventRounds "7"]
[EventCountry "GER"]
[SourceTitle "EXT 2022"]
[Source "ChessBase"]
[SourceDate "2021.10.06"]
[SourceVersion "1"]
[SourceVersionDate "2021.10.06"]
[SourceQuality "1"]

1. e4 c5 2. d3 g6 3. Nf3 Bg7 4. g3 Nf6 5. Bg2 Nc6 6. c3 0-0 7. 0-0 d5 8. Nbd2 Bg4 9. Qc2 Qd7 10. Re1 Bh3 11. Bh1 h6 12. Nf1 d4 13. Bf4 Nh5 14. Bd2 e5 15. cxd4 cxd4 16. Rac1 Rac8 17. Qa4 g5 18. Rc2 Qg4 19. Rec1 Nf4 20. Bxf4 gxf4 21. N1d2 h5 22. Nh4 fxg3 23. hxg3 Qe2 24. Nc4 Qg4 25. Nd6 Rb8 26. Kh2 Qe6 27. Nxb7 Rxb7 28. Rxc6 Qd7 29. Qc2 Rfb8 30. b3 Bh6 31. Rxh6 1-0

[Event "Berlin Eckbauer op 14th"]
[Site "Berlin"]
[Date "2011.11.21"]
[Round "6.16"]
[White "Grosse, Michael"]
[Black "Wallmann, Bodo"]
[Result "0-1"]
[WhiteElo "1740"]
[BlackElo "1894"]
[PlyCount "74"]
[EventDate "2011.10.17"]
[EventType "swiss"]
[EventRounds "7"]
[EventCountry "GER"]
[SourceTitle "EXT 2022"]
[Source "ChessBase"]
[SourceDate "2021.10.06"]
[SourceVersion "1"]
[SourceVersionDate "2021.10.06"]
[SourceQuality "1"]

1. e4 c5 2. d3 Nc6 3. Nf3 d6 4. c3 Nf6 5. Nbd2 g6 6. g3 Bg7 7. Bg2 0-0 8. 0-0 Qc7 9. Rb1 a5 10. a3 a4 11. b4 axb3 12. Qxb3 Na5 13. Qb2 Bd7 14. d4 c4 15. d5 b5 16. Nd4 Rfb8 17. f4 Ne8 18. N2f3 Nb7 19. e5 Nc5 20. Qe2 Bg4 21. h3 Bxf3 22. Qxf3 Nd3 23. Nc6 Rc8 24. Be3 Rxa3 25. f5 Nxe5 26. Nxe5 dxe5 27. fxg6 fxg6 28. Qf7+ Kh8 29. Rxb5 Nd6 30. Qe6 Nxb5 31. Rf7 Re8 32. Bg5 Ra1+ 33. Kh2 Qc5 34. h4 Qg1+ 35. Kh3 Ra2 36. Bf4 Qxg2+ 37. Kg4 Qe2+ 0-1